[Event "DMP Ekstraliga 2020"]
[Site "Krakow"]
[Date "2020.08.26"]
[Round "1.12"]
[White "Kulon, Klaudia"]
[Black "Worek, Joanna"]
[Result "1-0"]
[WhiteElo "2336"]
[BlackElo "2326"]
[Annotator "TA"]
[PlyCount "119"]
[EventDate "2020.08.26"]
[EventType "team-tourn"]
[EventCountry "POL"]
[SourceTitle "playchess.com"]
[Source "ChessBase"]
[SourceQuality "1"]

{[%evp 9,119,11,45,49,61,57,84,22,25,28,174,169,185,141,116,89,94,76,122,128,235,81,91,85,108,117,102,59,91,95,152,79,84,76,114,116,154,133,127,124,159,69,69,69,69,69,69,77,90,75,75,81,88,61,67,67,62,61,66,66,63,63,63,61,72,54,94,101,129,131,175,160,147,160,160,172,152,163,155,152,193,117,251,277,271,239,244,238,339,247,394,395,388,387,433,424,418,420,408,405,543,492,643,592,579,579,554,544,527,522,538,501]} 1. c4 e5 2. g3 c6 3. d4 e4 4. d5 Bb4+ 5. Bd2 e3 6. fxe3 {[#] A20: English Opening: 1...e5.} Qb6 $146 ({Predecessor:} 6... Bxd2+ 7. Qxd2 cxd5 8. cxd5 Nf6 9. Nc3 d6 10. Bg2 O-O 11. Nf3 Bf5 12. Qd4 Re8 {0-1 (55) Lenderman,A (2599)-Xiong,J (2665) Saint Louis 2018}) 7. Qb3 a5 8. a3 (8. Nf3 $16) 8... Bxd2+ $11 9. Nxd2 Qc5 (9... Qxb3 $11 {and Black is okay.} 10. Nxb3 Nf6) 10. Ne4 $18 Qe7 11. Bg2 {Threatens to win with c5.} f5 12. Nf2 (12. d6 {looks sharper.} Qe5 13. Qc3 Qxc3+ 14. Nxc3 Nf6 15. Nf3) 12... Nf6 13. Nf3 Na6 14. Nd4 $1 {[%cal Rd4f5]} cxd5 (14... Nc5 $16 15. Qc3 Qe5) 15. cxd5 $2 (15. Nxf5 $18 {and the rest is easy.} Qe5 16. Nxg7+ Kf7 17. Nd3) 15... d6 $16 16. Ne6 Bxe6 17. dxe6 O-O 18. Nd3 Rab8 19. O-O Ng4 (19... g6 $142) 20. Nf4 (20. e4 $142) 20... Nc5 21. Qc3 a4 22. Rad1 Kh8 23. Qd4 Rbd8 24. e4 fxe4 25. Bxe4 ({White should try} 25. Bh3 $1 $16 {[%cal Rh3g4]} Nf6 26. Nd5 Nxd5 27. Rxf8+ (27. Qxd5 g6 $16) 27... Rxf8 28. Qxd5) 25... Rxf4 $14 {[%mdl 64] Remove Defender, Decoy} 26. Rxf4 (26. gxf4 Qh4 $17) 26... Nxe6 27. Qd2 Nxf4 28. Qxf4 Nf6 29. Bf3 b5 30. Qb4 Qe5 31. Qd4 {Black must now prevent Qxe5.} Rc8 32. Qxe5 dxe5 {[%mdl 4096] Endgame KRB-KRN} 33. Bb7 $1 {[%cal Rb7c8]} Rb8 34. Bc6 Kg8 35. Rc1 $1 Kf8 36. Rc5 Rc8 {[#]} 37. Rc3 $1 Rb8 {[#]} 38. b4 $1 Ke7 {next ...Rc8 is good for Black.} 39. Rc5 Kd6 40. Bxb5 Ne4 41. Rc6+ Kd5 42. Bxa4 Ra8 43. Bc2 Rxa3 44. Rc7 g5 45. b5 ({White should play} 45. Rxh7 $18 Rc3 46. Bxe4+ Kxe4 47. Rh5) 45... Nd6 (45... Ra5 $16) 46. b6 $18 {[%cal Bb5b6,Bb6b7][%mdl 32]} (46. Rxh7 $6 Nxb5 47. Kf2 Nc3 $16) 46... Ra8 47. b7 (47. Rxh7 $6 Rb8 $18) 47... Rb8 48. Ba4 ({Don't take} 48. Bxh7 $6 Rxb7 49. Rxb7 Nxb7) ({Resist} 48. Rxh7 $6 Nxb7 49. Rg7 Nd6) 48... h6 (48... Kd4 {keeps fighting.} 49. Bc6 (49. Rxh7 Nxb7 50. Rg7 Nd6 $16) 49... Kc5) 49. Bc6+ Kd4 {[#]} (49... Kc5 $142) 50. e4 $1 {[%mdl 512]} Ke3 (50... Nxe4 51. Rc8) 51. Re7 Kd4 52. Rd7 Kc5 53. Bd5 Nb5 54. Kf2 Kb6 55. Ke3 {White is clearly winning.} Rh8 56. Kd3 Nc7 57. Kc4 h5 58. Rd6+ Ka7 59. Rg6 h4 60. g4 {Accuracy: White = 72%, Black = 47%.} 1-0

[Event "DMP Ekstraliga 2020"]
[Site "Krakow"]
[Date "2020.08.26"]
[Round "1.13"]
[White "Matuszewski, Michal"]
[Black "Wojtaszek, Radoslaw"]
[Result "1/2-1/2"]
[WhiteElo "2508"]
[BlackElo "2717"]
[Annotator "TA"]
[PlyCount "69"]
[EventDate "2020.08.26"]
[EventType "team-tourn"]
[EventCountry "POL"]
[SourceTitle "playchess.com"]
[Source "ChessBase"]
[SourceQuality "1"]

{[%evp 9,69,-20,-8,-17,0,0,0,-31,-14,-56,-53,-66,-27,-48,19,-10,0,-20,-16,0,0,-47,-35,-68,-40,-53,-60,-75,-66,-79,-77,-79,-65,-71,-67,-65,-67,-79,-65,-71,-37,-69,-47,-45,-94,-89,-14,-8,-10,-15,-15,-11,0,0,0,0,0,0,0,0,0,0]} 1. d4 Nf6 2. Bg5 d5 3. Nd2 c5 4. dxc5 e6 5. Nb3 Nbd7 6. e3 {D00: 1 d4 d5: Unusual lines.} Nxc5 7. Nxc5 Bxc5 8. Bb5+ Kf8 {[#] ...Qa5+ is the strong threat.} 9. c3 $146 ({Predecessor:} 9. Bd3 e5 10. c3 Be6 11. Ne2 h6 12. Bh4 g5 13. Bg3 Bd6 14. Qb1 Qc7 15. Bf5 {0-1 (42) Mikrut,D (2379)-Kantans,T (2526) Poland 2018}) 9... Qb6 10. Bd3 e5 11. Ne2 Be7 (11... Ne4 $15 12. Bxe4 dxe4) 12. O-O Be6 13. Ng3 h6 14. Bxf6 $1 Bxf6 15. Kh1 Rd8 16. Rb1 g6 $36 {[%mdl 2048] Black is more active.} (16... h5 $5) 17. f4 e4 ({Much worse is} 17... Qxe3 18. Rf3 $11) 18. Be2 h5 {Threatens to win with ...h4.} 19. f5 h4 20. Nh5 Bxf5 {And now ...Bg5 would win.} ({Don't play} 20... Rxh5 $6 21. Bxh5 (21. fxe6 Rf5 $15) 21... gxf5 22. Qd2 $14) 21. Nxf6 Qxf6 22. Bg4 Bxg4 23. Qxg4 Qd6 24. Rbd1 Rh5 25. c4 Kg8 26. Rxd5 Rxd5 27. cxd5 {[#]} Qxd5 ({Black should try} 27... Qe7 $1 $17 28. Rd1 Qe5) 28. Qxh4 $15 {[%mdl 4096] Endgame KQR-KQR. The position is equal.} Rc8 29. a3 Rc2 30. Qf6 Qc4 31. h3 Rc1 32. Kg1 b5 33. Qd8+ Kg7 34. Qf6+ Kg8 35. Qd8+ {Accuracy: White = 75%, Black = 74%.} 1/2-1/2

[Event "DMP Ekstraliga 2020"]
[Site "Krakow"]
[Date "2020.08.26"]
[Round "1.14"]
[White "Gajewski, Grzegorz"]
[Black "Leniart, Arkadiusz"]
[Result "0-1"]
[WhiteElo "2616"]
[BlackElo "2482"]
[Annotator "TA"]
[PlyCount "62"]
[EventDate "2020.08.26"]
[EventType "team-tourn"]
[EventCountry "POL"]
[SourceTitle "playchess.com"]
[Source "ChessBase"]
[SourceQuality "1"]

{[%evp 26,62,16,12,16,0,24,-29,-21,-76,-81,-82,-87,-93,-79,-82,-86,-86,-77,-88,-87,-129,-130,-112,-125,-229,-228,-238,-236,-234,-238,-348,-334,-299,-245,-231,-216,-557,-553]} 1. d4 Nf6 2. c4 e6 3. Nf3 d5 4. Nc3 Be7 5. Bf4 O-O 6. e3 c5 7. dxc5 Bxc5 8. cxd5 Nxd5 9. Nxd5 exd5 10. a3 Nc6 11. Bd3 Bb6 12. O-O d4 13. e4 Bg4 14. h3 Bh5 {D37: Queen's Gambit Declined: 5 Bf4.} 15. g4 Bg6 {[#]} 16. e5 $146 (16. Rc1 $142) ({Predecessor:} 16. Nd2 f6 17. Nc4 Rc8 18. Bg3 Bc7 19. f4 Bf7 20. Qf3 Qd7 21. Rac1 b5 22. Nd2 {½-½ (48) Walczak,P (2504)-Rogos,J (2501) ICCF email 2018}) 16... Qd5 $11 {Black wants to play ...f6.Black has an edge.} 17. Re1 (17. Bg3 $11 {keeps the balance.}) 17... f6 $17 18. Bg3 {[#]} Bc7 $1 {[%cal Rc7e5]} 19. Rc1 {Threatens to win with Bc4.} Bxd3 ({Don't blunder} 19... Nxe5 $2 20. Rxe5 Bxe5 21. Bc4 $18) 20. Qxd3 Bxe5 $1 21. Nxe5 fxe5 22. b4 Rf3 $36 {[%mdl 2048] Black is really pushing.} 23. Qe4 Qxe4 24. Rxe4 {Threatening b5.} a6 ({Much worse is} 24... Rxa3 $6 25. b5 $11) 25. Ra1 (25. Bxe5 $17 Re8 26. Rce1) 25... Re8 $19 26. Kg2 Rc3 27. f4 Rc2+ 28. Kg1 (28. Kf1 $142) 28... d3 (28... Rc3 $2 29. Bf2 $19) 29. Rd1 Rd8 {Hoping for ...d2.} 30. fxe5 d2 {[#] Strongly threatening ...Rc1.} 31. Rf4 $2 (31. Bf4 {was the crucial defense.} Rc1 {[%mdl 64] Decoy, Promotion} 32. Rxc1 dxc1=B 33. Bxc1 Rd1+ {[%mdl 64] Double Attack} 34. Kf2 Rxc1 35. e6 Rc2+ 36. Kf1) 31... Nxe5 {White got outplayed after the opening. Accuracy: White = 50%, Black = 100%.} 0-1

[Event "DMP Ekstraliga 2020"]
[Site "Krakow"]
[Date "2020.08.26"]
[Round "1.15"]
[White "Nguyen, Piotr"]
[Black "Socko, Bartosz"]
[Result "0-1"]
[WhiteElo "2422"]
[BlackElo "2601"]
[Annotator "TA"]
[PlyCount "128"]
[EventDate "2020.08.26"]
[EventType "team-tourn"]
[EventCountry "POL"]
[SourceTitle "playchess.com"]
[Source "ChessBase"]
[SourceQuality "1"]

{[%evp 19,128,17,17,8,10,4,16,2,7,12,17,1,0,2,18,25,25,25,11,23,35,21,59,49,69,69,66,57,66,67,68,61,69,0,66,60,78,45,52,20,39,-27,-27,-79,-70,-79,-70,-83,-83,-106,-106,-106,-106,-168,-162,-311,-303,-460,-457,-461,-461,-461,-461,-419,-419,-419,-429,-417,-417,-683,-634,-1005,-622,-790,-622,-622,-622,-622,-622,-716,-622,-622,-542,-1639,-1587,-12822,-6829,-5912,-5808,-12828,-12829,-12833,-12833,-12832,-12832,-12831,-12831,-12839,-12838,-12840,-12841,-12842,-12843,-12843,-12843,-12843,-12843,-12845,-12843,-12843,-12841]} 1. Nf3 Nf6 2. g3 b6 3. Bg2 Bb7 4. O-O g6 5. b3 Bg7 6. Bb2 O-O 7. c4 c5 8. Nc3 d6 9. e3 Nbd7 10. d4 Ne4 11. Qc2 {A30: Symmetrical English: Double Fianchetto and Hedgehog.} (11. Ne2 {is more complex.} cxd4 12. exd4 e6 13. Nf4 Rc8 14. Re1) 11... Nxc3 12. Bxc3 cxd4 13. Bxd4 {The position is equal.} Rc8 14. Bxg7 Kxg7 {[#]} 15. Rfd1 $146 ({Predecessor:} 15. e4 b5 16. Qb2+ Kg8 17. cxb5 Bxe4 18. Qd4 Bxf3 19. Bxf3 Rc5 20. a4 Qc7 {½-½ (20) Gagare,S (2476)-Kowalski,I (2320) Warsaw 2019}) 15... Nf6 16. Qb2 Rc5 17. Ne1 Bxg2 18. Kxg2 Qa8+ 19. f3 Rfc8 20. a4 Kg8 21. e4 a6 22. Nd3 R5c7 23. Nb4 Qb7 24. Qe2 Rc5 25. Nd3 R5c7 26. Nb4 Rc5 $1 27. Ra2 h5 28. h4 Nd7 29. Qe3 Ne5 30. Nd3 (30. Nd5 $14) 30... Nxd3 $11 31. Rxd3 (31. Qxd3 $11 R8c6 32. Qe2) 31... b5 $1 $17 {White is on the road to losing.} 32. cxb5 axb5 33. a5 b4 $1 34. a6 {[#]} Qb6 $1 {...Rc2+ is the strong threat.} 35. Qe2 {[#]} Ra8 $1 36. Rd5 (36. Rd4 $17) 36... Rc1 $19 37. Qf2 (37. Rd1 $142 Rxd1 38. Qxd1) 37... Rxa6 38. Qxb6 (38. Rc2 {was necessary.} Qxf2+ 39. Rxf2) 38... Rxa2+ ({Less strong is} 38... Rxb6 39. Kf2 $17) 39. Qf2 Rcc2 ({Weaker is} 39... Rxf2+ 40. Kxf2 Rb1 41. Rd3 $17) 40. Qxc2 Rxc2+ {[%mdl 4096] Endgame KR-KR} 41. Kf1 Rc3 42. Ke2 {If White can now play Rd3 this consolidates a bit.} Rxb3 43. Rb5 Kg7 44. e5 (44. Rb7 $142 Kf6 45. g4) 44... dxe5 {Black is clearly winning.} 45. Rxe5 Kf6 46. Rb5 Rb2+ 47. Ke3 b3 48. Rb6+ e6 49. Rb7 Rg2 50. Rxb3 {and the idea Rb4 leaves White hopeful.} Rxg3 51. Rb4 {aiming for Kf2.} Rg2 52. Rb8 Rh2 53. Rb4 e5 54. Rb6+ Kg7 55. Rb4 f5 56. Rb7+ Kh6 57. Re7 Rxh4 58. Rxe5 Kg5 59. Re6 Ra4 60. Rb6 h4 61. Kf2 Ra2+ 62. Kg1 h3 63. Rc6 Rg2+ 64. Kh1 Rg3 {Accuracy: White = 56%, Black = 96%.} 0-1

[Event "DMP Ekstraliga 2020"]
[Site "Krakow"]
[Date "2020.08.26"]
[Round "1.16"]
[White "Miton, Kamil"]
[Black "Zwardon, Vojtech"]
[Result "1-0"]
[WhiteElo "2590"]
[BlackElo "2481"]
[Annotator "TA"]
[PlyCount "69"]
[EventDate "2020.08.26"]
[EventType "team-tourn"]
[EventCountry "POL"]
[SourceTitle "playchess.com"]
[Source "ChessBase"]
[SourceQuality "1"]

{[%evp 14,69,47,41,34,22,61,48,38,54,76,58,45,68,88,82,108,86,193,95,143,77,295,273,362,387,405,385,744,703,657,461,665,624,628,314,335,335,328,318,311,259,442,464,419,458,464,450,520,510,432,506,502,499,956,947,954,947]} 1. d4 Nf6 2. Nf3 e6 3. c4 c5 4. Nc3 cxd4 5. Nxd4 a6 6. e4 Qc7 7. Be2 b6 8. O-O Bb7 {B41: Sicilian: Kan Variation: 5 c4.} 9. Qd3 d6 10. b4 $5 {[%mdl 4] Exploring less charted territory.} Nbd7 {[#] White is slightly better.} 11. Bb2 $146 ({Predecessor:} 11. f4 Rc8 12. Bd2 Be7 13. Rac1 O-O 14. a3 Rfe8 15. Qe3 Bf8 16. Nf3 g6 17. h3 Bg7 18. Nh2 Qb8 19. Ng4 {0-1 (57) Farah,R (2180)-Spangenberg,H (2500) Potrero de los Funes 1995}) 11... Ne5 12. Qh3 Be7 13. Rac1 $1 Rc8 {[#]} 14. f4 $1 {[%cal Rf4e5]} Ned7 (14... Nxc4 15. Bxc4 Qxc4 16. Nd5 $16) 15. Bd3 Qb8 {[#]} (15... h5 $16) 16. a3 (16. Rce1 $1 $18) 16... Qa7 {Threatening ...b5.} 17. b5 (17. Kh1 $142) 17... a5 $2 {This costs Black the game.} (17... axb5 $16 {is a better defense.} 18. Ndxb5 (18. Ncxb5 Qa8 $16) 18... Qb8) 18. Rce1 $18 Qb8 {[#]} 19. Nd5 $1 {[%mdl 512] Nxe6! is the strong threat.} exd5 (19... Bxd5 20. exd5) 20. exd5 {aiming for Nf5.} Kf8 $2 (20... Kd8 21. Re2 (21. Qe3 Re8 $16) 21... Rc7) 21. Nf5 ({Stronger than} 21. Qe3 Re8 $11) 21... Re8 22. g4 ({And not} 22. Rxe7 Rxe7 23. g4 Qd8 $11) (22. Qg3 Rg8 $11) 22... Bc8 (22... Rg8 $142 23. g5 (23. Nxe7 Rxe7 24. g5 Ne8 $16) 23... Bc8 24. Nxe7 Rxe7) 23. g5 Qc7 24. Nxe7 ({Not} 24. gxf6 Nxf6 25. Ba1 Qc5+ 26. Qe3 Bxf5 $16) 24... Rxe7 25. Rxe7 Kxe7 26. gxf6+ Nxf6 27. Re1+ Kf8 $2 (27... Kd8 {might work better.} 28. Qh4 Qc5+ 29. Kf1 Kc7 30. Re7+ Kb8) 28. Qe3 Qd8 29. Bd4 Nd7 {White is clearly winning.} 30. Bf5 h5 31. h3 Rh6 32. Kh2 h4 33. Rg1 g6 (33... f6 $142 34. Qe2 Rh8) 34. Bxd7 Qxd7 35. f5 {Accuracy: White = 70%, Black = 36%.} 1-0

[Event "DMP Ekstraliga 2020"]
[Site "Krakow"]
[Date "2020.08.26"]
[Round "1.17"]
[White "Mikrut, Dariusz"]
[Black "Sadzikowski, Daniel"]
[Result "0-1"]
[WhiteElo "2390"]
[BlackElo "2522"]
[Annotator "TA"]
[PlyCount "116"]
[EventDate "2020.08.26"]
[EventType "team-tourn"]
[EventCountry "POL"]
[SourceTitle "playchess.com"]
[Source "ChessBase"]
[SourceQuality "1"]

{[%evp 13,116,6,15,2,12,0,4,0,0,-10,-5,-62,-69,-65,0,0,0,0,0,-2,-6,-29,-29,-40,-33,-32,-2,-8,-15,-57,-57,-53,-57,-57,-41,-43,-44,-44,-48,-146,-82,-87,-87,-91,-72,-72,-71,-70,-75,-79,-60,-60,-60,-85,-84,-85,-70,-79,-63,-66,-66,-66,-66,-66,-44,-44,-44,-139,-137,-121,-116,-152,-151,-159,-159,-159,-159,-552,-549,-552,-552,-552,-552,-552,-552,-552,-426,-552,-552,-552,-537,-529,-529,-477,-414,-2435,-2243,-1588,-1205,-29980,-29975,-29982,-29983,-29981,-29980]} 1. d4 Nf6 2. c4 e6 3. Nc3 Bb4 4. Qc2 O-O 5. e4 d5 6. e5 Ne4 7. Bd3 c5 $1 {[%cal Rc5d4]} 8. Nf3 {With the idea 0-0. The main line 8.Nf3 scores better than 8.Nge2. E32: Nimzo-Indian: Classical (4 Qc2): 4...0-0.} cxd4 9. Nxd4 Nd7 10. Bf4 {The position is equal.} Qh4 11. g3 Qh5 12. Bxe4 (12. O-O $11) 12... dxe4 $15 13. Qxe4 Nc5 (13... Bxc3+ $15 14. bxc3 Nc5) 14. Qe2 $11 Bxc3+ 15. bxc3 Qh3 {[#]} 16. Qf1 $146 {[%mdl 2048] White is fighting back} ({Predecessor:} 16. O-O-O b6 17. Nb5 Bb7 18. f3 a6 19. Nd6 Bc6 20. Rd4 Qh5 21. g4 Qh3 22. Bg3 {½-½ (54) Mohammad,N (2428)-Ptacnikova,L (2307) Prague 2015}) 16... Qxf1+ 17. Kxf1 (17. Rxf1 {is interesting.} Bd7 18. Ke2 Na4 19. Rfc1 b6 20. Nb5) 17... b6 18. Ke2 Ba6 {[%mdl 1024] Black has compensation.} 19. Nb5 $1 Rfc8 20. Nd6 Rc6 21. a4 Nb3 22. Rab1 Na5 23. Rb4 Nxc4 24. Nxc4 Bxc4+ 25. Kd2 Rd8+ 26. Kc1 (26. Kc2 $15) 26... Bd5 (26... a5 $142 $1 {[%cal Ra5b4]} 27. Rb2 Bd5) 27. Rd1 $17 Rxc3+ 28. Kb2 Rdc8 {aiming for ...Rc2+.} (28... Rc7 {looks sharper.} 29. Rc1 Rcd7 30. Bg5 Ra8 31. Be3 h6) 29. Rc1 Rxc1 30. Bxc1 {[%mdl 4096] Endgame KRB-KRB} h6 31. Be3 Rc6 32. h4 h5 33. g4 hxg4 34. Rxg4 Kh7 35. Rf4 Rc4 36. Rxf7 Rxa4 37. h5 Kg8 38. Rc7 Rh4 39. Rxa7 b5 {[%cal Bb6b5,Bb5b4,Bb4b3][%mdl 32]} 40. Rd7 {[#]} (40. Ra5 $15) 40... b4 $1 ({Resist} 40... Rxh5 41. Rd8+ Kh7 42. Rb8 $15) 41. Rd8+ Kh7 42. Bd2 {[#]} b3 $1 ({But not} 42... Rxh5 43. Bxb4 Rxe5 44. f4 $15) 43. Rc8 Rxh5 44. Bf4 Rf5 45. Bg3 $2 {Loses the game.} (45. Be3 $17 {was the crucial defense.}) 45... Rf7 $19 46. Rc1 Kg6 47. Rd1 Kf5 48. Re1 Kg4 49. Rd1 Kf3 50. Re1 g5 51. Re3+ Kg2 52. Re1 Rb7 53. Rd1 Rb4 54. Re1 (54. Rb1 $142 Ra4 55. Kc3) 54... Ra4 55. Ra1 Re4 56. Rd1 Re2+ {Black mates.} 57. Kc3 Rc2+ 58. Kd3 Bc4+ {Accuracy: White = 63%, Black = 90%.} 0-1

[Event "DMP Ekstraliga 2020"]
[Site "Krakow"]
[Date "2020.08.26"]
[Round "1.18"]
[White "Socko, Monika"]
[Black "Leks, Maria"]
[Result "1-0"]
[WhiteElo "2428"]
[BlackElo "2080"]
[Annotator "TA"]
[PlyCount "65"]
[EventDate "2020.08.26"]
[EventType "team-tourn"]
[EventCountry "POL"]
[SourceTitle "playchess.com"]
[Source "ChessBase"]
[SourceQuality "1"]

{[%evp 16,65,24,8,31,0,11,-16,0,22,66,77,69,79,117,90,87,83,124,137,353,357,579,239,223,212,210,215,215,193,370,370,370,370,370,370,371,368,363,69,365,364,359,351,636,629,729,723,699,677,659,642]} 1. d4 Nf6 2. c4 e6 3. Nf3 Bb4+ 4. Nc3 b6 5. g3 Bb7 6. Bg2 c5 7. O-O cxd4 8. Qxd4 O-O 9. Bf4 d5 {[#] E20: Nimzo-Indian: 4 g3 and 4 f3.} 10. Rad1 $146 ({Predecessor:} 10. Ne5 Nbd7 11. Nxd7 Qxd7 12. Be5 Be7 13. cxd5 exd5 14. e4 Bc5 15. Qd1 Ba6 16. Bxf6 Bxf1 17. Bxf1 gxf6 18. Nxd5 {0-1 (46) Kosiorek,M (2378)-Gajewski,G (2248) Polanczyk 2000}) 10... Nc6 11. Qd3 {[%cal Rc4d5]} Bxc3 {The position is equal.} 12. Qxc3 Ne4 13. Qa3 Na5 14. cxd5 {Black must now prevent Ne5.} exd5 15. Ne5 {Strongly threatening Bxe4.} Qc8 16. Rc1 Qe6 {Threatening ...g5.} 17. Rc7 $36 {[%mdl 2048] Keeping Black busy.} f6 $2 (17... Nd6 $16) 18. Bh3 $18 Qd6 $2 {[#]} (18... Qxh3 19. Qe7 $1 {[%mdl 512]} Qxf1+ 20. Kxf1 Nd2+ 21. Bxd2 Rf7 22. Qxf7+ Kh8 23. Qxg7#) (18... f5 19. Re7 Qd6 20. Qxd6 Nxd6) 19. Qxd6 (19. Ng6 $142 $1 {[%mdl 512]} Qxc7 (19... hxg6 20. Bxd6) 20. Be6+ Qf7 21. Nxf8 {[%mdl 64] Pin} (21. Bxf7+ Rxf7 22. Ne7+ Kh8 $16)) 19... Nxd6 20. Nd7 Nb5 21. Be6+ ({Don't take} 21. Nxf8 $6 Nxc7 22. Ne6 (22. Bxc7 Kxf8 23. Rc1 Re8 $16) 22... Na6 $16) 21... Kh8 22. Rxb7 $1 ({Resist} 22. Nxf8 $6 Nxc7 23. Bxc7 Rxf8 $16) 22... Rfe8 $2 (22... Nxb7 23. Nxf8 Rxf8 24. Bxd5 Nc5) 23. Bxd5 Nxb7 24. Bxb7 Rad8 25. Rd1 Re7 26. Ba6 g5 27. Bb8 $2 ({Better is} 27. Bxb5 $18 gxf4 28. Kf1 (28. gxf4 a6 $16)) 27... Rexd7 $4 {[%mdl 8192]} (27... Nc7 $1 $14 28. Bxc7 Rdxd7 29. Rxd7 Rxd7) 28. Rxd7 Rxd7 29. Bxb5 Rd5 $2 (29... Rd8 30. Bc7 Rc8) 30. a4 {White is clearly winning.} a5 31. Bc7 Rd2 32. Bxb6 Rxb2 33. Bxa5 {Black got outplayed after the opening. Accuracy: White = 64%, Black = 32%.} 1-0

[Event "DMP Ekstraliga 2020"]
[Site "Krakow"]
[Date "2020.08.26"]
[Round "1.19"]
[White "Kempinski, Robert"]
[Black "Klekowski, Maciej"]
[Result "1/2-1/2"]
[WhiteElo "2568"]
[BlackElo "2511"]
[Annotator "TA"]
[PlyCount "50"]
[EventDate "2020.08.26"]
[EventType "team-tourn"]
[EventCountry "POL"]
[SourceTitle "playchess.com"]
[Source "ChessBase"]
[SourceQuality "1"]

{[%evp 15,50,2,0,0,10,0,0,0,0,-20,-3,-28,-14,-20,-37,-25,-6,-2,9,11,13,9,12,0,0,0,0,0,7,0,0,0,0,0,20,12,56]} 1. d4 Nf6 2. c4 e6 3. Nf3 Bb4+ 4. Nbd2 O-O 5. a3 Be7 6. e3 d5 7. Bd3 c5 8. dxc5 a5 9. cxd5 {E11: Bogo-Indian.} Qxd5 10. Qe2 Rd8 11. Bc4 Qh5 {[#]} 12. Nd4 $146 ({Predecessor:} 12. b3 Nbd7 13. Bb2 Nxc5 14. Ne5 Qxe2+ 15. Kxe2 b5 16. Bxb5 Rxd2+ 17. Kxd2 Nxb3+ 18. Ke2 Nxa1 19. Rxa1 {0-1 (34) Hoffman,A (2452)-Barnaure,V (2503) Helensburgh 2013}) 12... Qxe2+ 13. Kxe2 Bxc5 14. N2f3 Nbd7 15. Bd2 Ne4 16. Rhd1 {The position is equal.} Nxd2 17. Rxd2 Nb6 18. Bb5 f6 19. Rc1 Bf8 20. Nb3 Rxd2+ 21. Nbxd2 e5 22. Nc4 Bd7 23. Bxd7 Nxd7 24. Ne1 b5 25. Nd2 Kf7 {Accuracy: White = 100%, Black = 94%.} 1/2-1/2

[Event "DMP Ekstraliga 2020"]
[Site "Krakow"]
[Date "2020.08.26"]
[Round "1.20"]
[White "Barski, Radoslaw"]
[Black "Heberla, Bartlomiej"]
[Result "0-1"]
[WhiteElo "2444"]
[BlackElo "2566"]
[Annotator "TA"]
[PlyCount "56"]
[EventDate "2020.08.26"]
[EventType "team-tourn"]
[EventCountry "POL"]
[SourceTitle "playchess.com"]
[Source "ChessBase"]
[SourceQuality "1"]

{[%evp 9,56,10,-8,-18,6,-6,-20,0,-13,-46,-52,-58,-83,-165,-150,-167,-158,-256,-145,-150,-144,-168,-123,-176,-190,-334,-333,-352,-229,-235,-221,-228,-219,-221,-225,-256,-272,-270,-272,-338,-337,-339,-304,-335,-339,-375,-381,-447,-427]} 1. d4 d5 2. c4 dxc4 3. e4 Nc6 4. Nf3 Bg4 5. Be3 e6 6. Bxc4 {D20: Queen's Gambit Accepted: 3 e3 and 3 e4.} Bb4+ (6... Bxf3 $5 7. gxf3 Qf6 $11) 7. Nc3 Bxf3 $5 {[%mdl 4] Leaves trodden paths.} 8. gxf3 {The position is equal.} Qf6 $1 9. Rg1 O-O-O {[%cal Rc6d4] [#]} 10. Qb3 $146 ({Predecessor:} 10. Qa4 Qxf3 11. d5 exd5 12. exd5 Re8 13. dxc6 Rxe3+ 14. fxe3 Qxe3+ 15. Kf1 Qf3+ {½-½ (15) Starostits,A (2227)-Karpatchev,A (2380) Leutersdorf 2001}) 10... Rxd4 ({Don't blunder} 10... Nxd4 $2 11. Bxd4 Rxd4 12. Qxb4 $18) (10... Qxf3 11. d5 $16) 11. Bxd4 (11. Kf1 $17 Rd7 12. Be2) 11... Nxd4 $19 12. Qa4 {Qe8+ is the strong threat.} Nxf3+ 13. Ke2 (13. Kf1 $17 {only move.} Nxh2+ 14. Kg2 Qf3+ 15. Kxh2 Bd6+ 16. Rg3) 13... Nd4+ ({Stronger than} 13... Nxg1+ 14. Rxg1 Bxc3 15. bxc3 $11) ({Black should try} 13... Ne7 $1 $19 14. Qxb4 Nc6) 14. Kf1 $17 Nc6 15. Rd1 Nge7 16. Rg3 (16. Bb5 $17) 16... Bc5 {[%csl Gc5][%cal Rf6f2]} 17. Rd2 (17. Qc2 $142) 17... Qh6 $19 18. Qd1 Qxh2 {And now ...Ne5 would win.} 19. Qg4 {[#]} Ng6 $1 20. Rh3 Qf4 21. Qxf4 Nxf4 22. Rf3 {[#]} g5 $1 23. Rg3 Ne5 24. Bb3 g4 25. Ne2 Nfg6 26. Rc2 Bb6 27. Rgc3 h5 28. Bc4 Rd8 {Accuracy: White = 45%, Black = 79%.} 0-1